000
00334nam a2200133Ia 4500
008
240624s9999 xx 000 0 und d
041
_a
eng
082
_a
658.827 CHO
100
_a
CHOI TSAN MING
245
_a
FASHION BRANDING AND CONSUMER BEHAVIORS
260
_c
2014
_a
New Delhi
_b
Springer
300
_a
151 : p.
365
_c
ERU
_b
28
999
_c
23971
_d
23971